000 00300nam a2200121Ia 4500
008 190216s9999||||xx |||||||||||||| ||und||
100 _aBest Books Kottayam
245 0 _aKanneerum Kinavum
260 _bCalicut University Central Co-Operative
300 _a176
650 _aAthmakadha
942 _cBK
999 _c27628
_d27628